Регионална библиотека "Любен Каравелов" - Русе

Изцяло ново мислене (Запис номер 144253)

MARC детайли
000 -Лидер
Контролно поле с фиксирана дължина 02100nam a2200397 c 4500
003 - Код на организацията, давaща контролен номер
Контролно поле BLK
005 - Дата и час на последна редакция
Контролно поле 20180422112530.0
008 - Елементи от данни с фиксирана дължина
fixed length control field 180410b bul|||||r ||||||| ||bul||
010 ## - Наследен системен номер
LC control number KNG00150405000
020 ## - Международен стандартен номер на книга ISBN
Международен стандартен номер на книга ISBN 978-954-321-917-9
-- издат.: Изток-Запад
040 ## - Източник на каталожния запис
Идентификатор на билиотеката - собственик на записа BLK
041 ## - Код за език
Код за езика на текст/звукозапис или на отделно заглавие Български
Код за езика КДБФ Български
072 #7 - Код за тематичната категория
Код организация bullib
Код за тематична категория Н15
Текст Психология Н
080 ## - УДК
Текстов определител УДК Особености на духовния живот. Съзнание. Духовно развитие на човека. Диференциална психология. Генетична психология. Еволюционна психология
УДК код - определител по УДК 159.922
УДК определител
УДК - код + определител 159.922
080 ## - УДК
Текстов определител УДК Мислене. Представа - Абстракция. Подбор. Сравнение. Размисъл. Преценка. Мнение. Умозаключение. Индукция. Дедукция. Евристика. Мислене и говорене. Рефлексия (психол.)
УДК код - определител по УДК 159.955
УДК определител
УДК - код + определител 159.955
100 1# - Редна дума - Автор
Автор Пинк, Даниъл
Авторска отговорност първи автор
R(LIN) 110736
139 ## - Редно поле
Редна дума Пинк, Даниъл
Авторски знак Пил - П 52
245 10 - Сведения за заглавието
Заглавие Изцяло ново мислене
Подзаглавни данни Преходът от информационната към концептуалната епоха
Редно поле (дума) Даниъл Пинк; прев. от англ. Петьо Димитров Ангелов.
257 ## - Страна на издаване
Страна на създаване/издаване Съединени американски щати
260 ## - Област на издателските данни
-- София
Име на издателя, разпространителя и проч. Изток-Запад
Година на издаване 2011
300 ## - Физическа характеристика
Страници 256 с.
Илюстрации и др. с портр., ил.
Размери/Мащаб 22 см
380 ## - Жанр
Жанр Философия
490 1# - СЕРИИ (Колекции)
Име на серия Библиотека Красив ум
500 ## - Общи забележки
Забележка Ориг. загл.: A whole new mind / Daniel H. Pink. - Библиогр.: с. 247-255
650 #4 - Допълнително описание по предмет – тема
Основно описание – тема или топоним Личност - психология
9 (RLIN) 243160
650 #4 - Допълнително описание по предмет – тема
Основно описание – тема или топоним Мислене
9 (RLIN) 162353
653 ## - Ключова дума – ненормативна
Ключова дума психология на личността
653 ## - Ключова дума – ненормативна
Ключова дума мислене
659 ## - Тематичен бюлетин
Тематичен бюлетин Н
700 1# - Други автори (авторска отговорност)
Лично име Ангелов, Петьо Димитров
Автороска отговорност (Описва отношението между автора и произведението) прев. от англ.
9 (RLIN) 370939
852 ## - Местоположение
Форматна сигнатура Цб 264533
856 4# - Електронен адрес и достъп
Електронен формат pdf - файл
Път до файла /url/
856 4# - Електронен адрес и достъп
Електронен формат pdf - файл
Път до файла /url/
942 ## - АРТИКУЛИ
Вид на библиотечния материал Книги
Скрит в OPAC Не
944 ## - СЪЗДАВАНЕ И РЕДАКЦИЯ на ЗАПИСА
Създаване/Редакция Създаване
Дата на регистрацията/редакция 16.09.2013
Служител, извършил регистрацията/редакцията Геновева_Генчева
944 ## - СЪЗДАВАНЕ И РЕДАКЦИЯ на ЗАПИСА
Създаване/Редакция Редакция
Дата на регистрацията/редакция 21.02.2014
Служител, извършил регистрацията/редакцията
999 ## - СИСТЕМНИ КОНТРОЛНИ НОМЕРА
Koha biblionumber 144253
Koha biblioitemnumber 144253
Наличности
Код за отписване Код за изгубен артикул Код за повреда Коз за рестрикции Код за отдаване Артикулен № Име на библиотеката - собственик Име на библиотеката, в която се намира в момента Статус (Текущо местоположение) Дата на вписване в системата Местоположение - отдел Цена в лева Инвентарен номер Систематично азбучна сигнатура Баркод Номер на екземпляра Цена в евро Служебна бележка Служебен тип на артикула
  Не е изгубен Не е повреден без рестрикции ползва се в читалня 239746 Регионална библиотека "Любен Каравелов" Русе Регионална библиотека "Любен Каравелов" Русе Хранилище 2013-09-17 Хранилище 14.00 120000769334 Цб 264533 120000769334 1 7.16 Дост: Dp Вид: Д N: 23 Дата: 29.05.2012 Книги
Vip Innovations Ltd, Rousse, Bulgaria 2025